IDOC International : numéro 32 /
IDOC International (por las siglas en inglés) se refiere al Centro Internacional de Documentación sobre la Iglesia Contemporánea, fundado en Roma en 1965, al fin del Concilio Vaticano Segundo y reestructurado en 1968, a raíz de los resultados de la Asamblea del Consejo Ecuménico de Iglesias, con el...
Furkejuvvon:
| Eará dahkkit: | |
|---|---|
| Materiálatiipa: | Girji |
| Giella: | fránskkagiella |
| Fáttát: | |
| Fáddágilkorat: |
Eai fáddágilkorat, Lasit vuosttaš fáddágilkora!
|
MARC
| LEADER | 00000nam^a2200000^a^4500 | ||
|---|---|---|---|
| 001 | 000182472 | ||
| 005 | 20250521000000.0 | ||
| 009 | 20260310102007.397 | ||
| 037 | |a Acervo ITESO - Biblioteca | ||
| 041 | |a FRA | ||
| 082 | |a 261. 05 |b IDO 1970 V. 32 | ||
| 240 | 1 | 1 | |a [IDOC International, Revue Interconfessionnell de Documentation] |
| 245 | 1 | 0 | |a IDOC International : |b numéro 32 / |c Dir. de L. Alting von Geusau. |
| 264 | |a París, Francia : |b Editions du Seuil, |c 1970 | ||
| 300 | |a 95 p. | ||
| 336 | |a texto |b txt |2 rdacontenido | ||
| 337 | |a sin mediación |b n |2 rdamedio | ||
| 338 | |a volumen |b nc |2 rdasoporte | ||
| 520 | |a IDOC International (por las siglas en inglés) se refiere al Centro Internacional de Documentación sobre la Iglesia Contemporánea, fundado en Roma en 1965, al fin del Concilio Vaticano Segundo y reestructurado en 1968, a raíz de los resultados de la Asamblea del Consejo Ecuménico de Iglesias, con el propósito de trabajar sobre una base interconfesional. Este grupo de trabajo es internacional conformado por cerca de 250 expertos quienes representan a casi 40 países. A través de su publicación periódica quincenal se difunde únicamente información y documentos que conciernen a problemas de interés internacional e interconfesional, dentro del mundo cristiano contemporáneo. Este número presenta artículos sobre: Los portugueses católicos que viven en Francia protestan; el punto de vista de judíso sobre Israel; Matrimonios mixtos, divorcio y nuevamente matrimonio: documento de la Iglesia: El XI Coloquio internacional de sexología de Louvain y el comportamiento sexual de la pareja y un estudio sobre Irlanda del Norte para su comprensión. | ||
| 649 | |a XX | ||
| 650 | |a Iglesia y Problemas Sociales - |x Publicaciones Periódicas Francesas | ||
| 650 | |a Católicos Portugueses en Francia - |x Condiciones Sociales y Culturales | ||
| 650 | |a Judíos - |x Condiciones Políticas | ||
| 650 | |a Israel - |x Condiciones Políticas | ||
| 650 | |a Matrimonio Interracial | ||
| 650 | |a Divorcio | ||
| 650 | |a Sexualidad | ||
| 650 | |a Relaciones de Pareja | ||
| 650 | |a Iglesia Católica - |x Disciplina | ||
| 650 | |a Teología Social | ||
| 650 | |a Irlanda del Norte - |x Condiciones Políticas | ||
| 650 | |a Irlanda del Norte - |x Condiciones Sociales y Culturales | ||
| 650 | |a Cristianismo | ||
| 650 | |a Religión | ||
| 650 | |a Publicaciones Periódicas Francesas | ||
| 700 | |a Alting von Geusau, Léo |e (dirección) | ||
| 910 | |a Fondo General | ||
| 920 | |a Impresos - Libros | ||
| 930 | |a Colección General | ||
| 905 | |a 101 | ||
| 901 | |a 0500122099 |b IT1 |c ACC |u 20250521 | ||
| 902 | |a https://opac.biblio.iteso.mx/vufind/Record/000182472 | ||